000
00326nam a22001457a 4500
020
_a
0-439-60622-5
082
_a
823
_b
BRO/S
100
_a
BROWN JEFF
245
_a
STANLEY AND THE MAGIC LAMP
260
_a
NEW YORK
_b
SCHOLASTIC INC
_c
1983
300
_a
100
520
_a
ENGLISH STORY
650
_a
ENGLISH STORY
942
_c
BK
999
_c
5635
_d
5635